Escritos
Saved in:
| Hovedforfatter: | |
|---|---|
| Format: | Bog |
| Sprog: | spansk |
| Udgivet: |
Madrid
El Croquis
1993
|
| Serier: | Colección Biblioteca de Arquitectura, 1
|
| Fag: | |
| Tags: |
Tilføj Tag
Ingen Tags, Vær først til at tagge denne postø!
|
MARC
| LEADER | 00000nam a2200000 a 4500 | ||
|---|---|---|---|
| 001 | UCQ8440 | ||
| 003 | CL-VaPUC | ||
| 005 | 20240805121239.0 | ||
| 008 | 981209e19930000SP |||||||||||||||||spa|d | ||
| 999 | |c 277696 |d 277694 | ||
| 040 | |c Pontificia Universidad Católica de Valparaíso | ||
| 082 | 0 | 4 | |a 724.6 |b LOO |2 21 |
| 100 | |a Loos, Adolf |e autor |9 860849 | ||
| 245 | 1 | 0 | |a Escritos |
| 260 | |a Madrid |b El Croquis |c 1993 | ||
| 300 | |a v | ||
| 490 | 0 | |a Colección Biblioteca de Arquitectura, 1 | |
| 500 | |a v.1: 1897-1909 | ||
| 500 | |a v.2: 1910-1931 | ||
| 583 | |a last modification |c 20160912 03:34:19 |k Rodrigo Vera | ||
| 650 | 0 | |a Arquitectura moderna |9 265021 | |
| 650 | 0 | |a Arquitectura |y Siglo 20 |9 266208 | |
| 650 | 0 | |a Diseño arquitectónico |9 265271 | |
| 650 | 0 | |a Estilos artísticos |9 340996 | |
| 942 | |c BK |2 ddc | ||
| 945 | |d 19981209 00:00:00 |a rbrito | ||
| 952 | |0 0 |1 0 |4 0 |6 724_600000000000000_LOO_1993 |7 0 |8 A |9 315849 |a BIBARQ |b BIBARQ |d 2019-11-20 |h v.1 |i 3484467 |o 724.6 LOO 1993 |p 3484467 |r 2025-01-20 |w 2019-11-20 |y BK |k ARQ | ||
| 952 | |0 0 |1 0 |4 0 |6 724_600000000000000_LOO_1993 |7 0 |8 A |9 315850 |a BIBARQ |b BIBARQ |d 2019-11-20 |h v.2 |i 3484475 |o 724.6 LOO 1993 |p 3484475 |r 2025-01-20 |w 2019-11-20 |y BK |k ARQ | ||
| 952 | |0 0 |1 0 |4 0 |6 724_600000000000000_LOO_1993 |7 0 |8 A |9 315851 |a BIBARQ |b BIBARQ |d 2019-11-20 |h v.1 |i 3981444 |l 1 |o 724.6 LOO 1993 |p 3981444 |r 2025-03-17 |s 2025-03-04 |w 2019-11-20 |y BK |k ARQ | ||
| 952 | |0 0 |1 0 |4 0 |6 724_600000000000000_LOO_1993 |7 0 |8 A |9 315852 |a BIBARQ |b BIBARQ |d 2019-11-20 |h v.2 |i 3981452 |l 1 |o 724.6 LOO 1993 |p 3981452 |r 2025-03-17 |s 2025-03-04 |w 2019-11-20 |y BK |k ARQ | ||